| 000 | 01090nam a2200229 4500 | ||
|---|---|---|---|
| 001 | 139146 | ||
| 003 | ES-MaACL | ||
| 005 | 20250419124648.0 | ||
| 007 | t| | ||
| 008 | 070214s1948 sp r ||||1| spa d | ||
| 100 | 0 |
_aSanz y Díaz, José, _d1907-1988 _9103694 |
|
| 245 | 1 | 3 |
_aEl famoso Santuario de Nuestra Señora de Ribagorda en Peralejos de las Truchas (Guadalajara), en el antiguo Señorío de Molina / _cpor D. José Sanz y Díaz. |
| 260 |
_a[S. l. : _bs. n.], _c1948 ( _eLérida : _fGráf. Academia Mariana) |
||
| 300 |
_a43 p. : _bil. ; _c22 cm. |
||
| 530 | _aDisponible en formato digital. | ||
| 594 | _aEn port.: Certamen Literario y Artístico de 1947 en honor a Nuestra Señora del Camino, patrona de León y de la tierra leonesa. | ||
| 610 | 2 | 4 |
_aSantuario de Nuestra Señora de Ribagorda (Guadalajara) _9171621 |
| 852 |
_aES-MaACL _j1888-F-12 _cDEPOF _zRevisado enlace: 19 de Abril de 2025 |
||
| 856 |
_uhttp://bibliotecadigital.jcyl.es/es/consulta/registro.do?id=6811 _zBiblioteca Digital de Castilla y León |
||
| 942 | _2udc | ||
| 999 |
_c139146 _d139146 |
||